000 00644nam a22001937a 4500
005 20250402120129.0
010 _aENG-144340
020 _a9789383837748
_c550.00
035 _aEN-127872
037 _bDBAD
082 0 4 _21st
_a370.1
100 _aKusum
_980096
245 1 0 _aUNDERSTANDING DISCIPLINE AND SUBJECTS/
_cDr. KUSUM, Dr. ARVIND KUMAR GILL
250 _aFIRST
260 _aNEW DELHI
_bVishwagayan Prakashan Sale Distribution
_c2019
270 _aU-9, Subhash Park, Uttam Nagar,
_bNew Delhi
_e110059
_k9899071610
_k9899521610
_makgpost@gmail.com
300 _a171P.
_c22 cm(Pb)
942 _2ddc
_cEN
_mKUS
_e1st
_h370.1
999 _c210594
_d210594